5HLuxD.jpg

KING HENRY VIII SENIOR AND PRIMARY SCHOOL LIBRARY OPAC

Anne of Green Gables / (Record no. 2837)

000 -LEADER
fixed length control field 01806cam a2200421 a 4500
001 - CONTROL NUMBER
control field 17701810
003 - CONTROL NUMBER IDENTIFIER
control field OSt
005 - DATE AND TIME OF LATEST TRANSACTION
control field 20230823142257.0
008 - FIXED-LENGTH DATA ELEMENTS--GENERAL INFORMATION
fixed length control field 130417s2008 enka j 000 0 eng d
010 ## - LIBRARY OF CONGRESS CONTROL NUMBER
LC control number 2012532946
020 ## - INTERNATIONAL STANDARD BOOK NUMBER
International Standard Book Number 0194790525
020 ## - INTERNATIONAL STANDARD BOOK NUMBER
International Standard Book Number 9780194790529
035 ## - SYSTEM CONTROL NUMBER
System control number (OCoLC)ocn261198279
037 ## - SOURCE OF ACQUISITION
Stock number 52048
Source of stock number/acquisition TVG
040 ## - CATALOGING SOURCE
Original cataloging agency YDXCP
Language of cataloging eng
Transcribing agency YDXCP
Modifying agency BTCTA
-- OEL
-- CNEDM
-- VP@
-- IUI
-- A7U
-- OCLCA
-- OCLCQ
-- TVG
-- A6Q
-- OCLCO
-- EIK
-- DLC
-- KH8
042 ## - AUTHENTICATION CODE
Authentication code lccopycat
043 ## - GEOGRAPHIC AREA CODE
Geographic area code n-cn-pi
082 ## - DEWEY DECIMAL CLASSIFICATION NUMBER
Classification number 400 MON
100 1# - MAIN ENTRY--PERSONAL NAME
Personal name Montgomery, L.M,
Relator term author.
245 10 - TITLE STATEMENT
Title Anne of Green Gables /
Statement of responsibility, etc. L.M. Montgomery ; illustrated by Kate Simpson.
250 ## - EDITION STATEMENT
Edition statement Simplified ed.
260 ## - PUBLICATION, DISTRIBUTION, ETC.
Place of publication, distribution, etc. Oxford :
Name of publisher, distributor, etc. Oxford University Press,
Date of publication, distribution, etc. c2008.
300 ## - PHYSICAL DESCRIPTION
Extent 56 p. :
Other physical details ill. ;
Dimensions 20 cm.
490 0# - SERIES STATEMENT
Series statement Oxford bookworms library. Human interest, Stage 2
500 ## - GENERAL NOTE
General note "First published in Oxford Bookworms, 1994 ; This simplified edition, Oxford University Press, c2008"--T.p. verso.
520 ## - SUMMARY, ETC.
Summary, etc. Anne, an eleven-year-old orphan, is sent by mistake to live with a lonely, middle-aged brother and sister on a Prince Edward Island farm and proceeds to make an indelible impression on everyone around her.
650 #0 - SUBJECT ADDED ENTRY--TOPICAL TERM
Topical term or geographic name entry element Readers (Elementary)
650 #0 - SUBJECT ADDED ENTRY--TOPICAL TERM
Topical term or geographic name entry element Readers (Secondary)
650 #0 - SUBJECT ADDED ENTRY--TOPICAL TERM
Topical term or geographic name entry element Reading comprehension
Form subdivision Problems, exercises, etc.
650 #0 - SUBJECT ADDED ENTRY--TOPICAL TERM
Topical term or geographic name entry element English language
Form subdivision Textbooks for foreign speakers.
650 #0 - SUBJECT ADDED ENTRY--TOPICAL TERM
Topical term or geographic name entry element Orphans
Geographic subdivision Prince Edward Island
Form subdivision Juvenile literature.
650 #0 - SUBJECT ADDED ENTRY--TOPICAL TERM
Topical term or geographic name entry element Friendship
Geographic subdivision Prince Edward Island
Form subdivision Juvenile literature.
650 #0 - SUBJECT ADDED ENTRY--TOPICAL TERM
Topical term or geographic name entry element Country life
Geographic subdivision Prince Edward Island
Form subdivision Juvenile literature.
700 1# - ADDED ENTRY--PERSONAL NAME
Personal name Simpson, Kate
Titles and other words associated with a name (Illustrator),
Relator term ill.
906 ## - LOCAL DATA ELEMENT F, LDF (RLIN)
a 0
b ibc
c copycat
d 2
e ncip
f 20
g y-gencatlg
942 ## - ADDED ENTRY ELEMENTS (KOHA)
Source of classification or shelving scheme
Koha item type Teaching Resources
Holdings
Withdrawn status Lost status Source of classification or shelving scheme Damaged status Not for loan Collection code Permanent Location Current Location Shelving location Date acquired Total Checkouts Full call number Barcode Date due Date last seen Date last checked out Price effective from Koha item type Copy number
          Teaching Resources KH8 Senior School Library KH8 Senior School Library Staff Office 2023-08-23 1 400 MON TRKHSL002291 2025-07-04 2024-11-08 2024-11-08 2023-08-23 Teaching Resources  
          Teaching Resources KH8 Senior School Library KH8 Senior School Library Staff Office 2025-09-18 1 428.6 MON TRKHSL006600 2026-07-03 2025-09-18 2025-09-18 2025-09-18 Teaching Resources ELP
          Teaching Resources KH8 Senior School Library KH8 Senior School Library Staff Office 2025-09-18 1 428.6 MON TRKHSL006601 2026-07-03 2025-09-18 2025-09-18 2025-09-18 Teaching Resources ELP

Powered By KH8 IT Dept